000 00282nam a2200109Ia 4500
008 190911s9999||||xx |||||||||||||| ||und||
100 _aSmyth, Collin
245 0 _aInternet working designing the right Architecture
260 _aNew York
_bPearson
_c1995
300 _a473
942 _cBK
999 _c6665
_d6665